US States Quiz - Statistics

General Stats
  • This quiz has been taken 24 times
  • The average score is 1 of 17
Answers on the Grid
Answers color-coded by a green-red scale on the quiz's grid according to % correct below.
okarodo
oklahoma
calisconsin
california
west carolina
north carolina
kansas
arkansas
michigan
ohio
wisconum
bark at me daddy
woof
wontan
montana
heroine
cokea
minnesota
maine
vermont
nebraska
nevada
east oregon
oregon
wontanakansans
new jersey
pencil
my mother
god
your mother
 
Answer Stats
Answer % Correct
oklahoma
94%
arkansas
6%
kansas
6%
minnesota
6%
nevada
6%
new jersey
6%
ohio
6%
west carolina
6%
bark at me daddy
0%
calisconsin
0%
east oregon
0%
god
0%
heroine
0%
maine
0%
nebraska
0%
vermont
0%
wontan
0%
No matching quizzes found
Score Distribution
Percent of People with Each Score
Percentile by Number Answered
Your Score History
You have not taken this quiz